000 00517nam a22001812 4500
001 0000004168
005 20170406115619.0
008 140822s xx 000 0 eng d
020 _a9780572022082 :
_c$
040 _aYour Holding Symbol
_cYour Holding Symbol
100 1 _aCesari,Cecile.
245 1 0 _aStrengthen your performance in psychological tests.
250 _a ed.
260 _aNew york :
_bFoulsham,
_c1989.
300 _a94 p. ;
_c cm.
650 0 _apsychological.
908 _a140822
999 _c4005
_d4005